[Event "Klubbmesterskapet 2015 (A)"]
[Site "Ås, Akershus NOR"]
[Date "2015.04.16"]
[Round "9"]
[White "Støle, Andreas"]
[Black "Thowsen, Alf Geir"]
[Result "1-0"]
[WhiteElo "1498"]
[BlackElo "1224"]
[PlyCount "83"]
[EventDate "2015.01.15"]

1. d4 Nf6 2. Nf3 d5 3. e3 g6 4. Bd3 Bg7 5. O-O O-O 6. Nbd2 c6 7. c3 Nbd7 8. Re1
Re8 9. e4 dxe4 10. Nxe4 Nxe4 11. Bxe4 Nf6 12. Bc2 Bg4 13. Bb3 Qc7 14. h3 Bf5
15. Ne5 Be6 16. Bxe6 fxe6 17. Qb3 Nd5 18. c4 Nb6 19. Bf4 Qd8 20. Rad1 Rb8 21.
Qe3 Rf8 22. Nf3 Rxf4 23. Qxf4 Nxc4 24. b3 Nd6 25. Rxe6 Qd7 26. Rde1 Rf8 27. Qg4
Nf5 28. R6e4 Qd6 29. Re6 Qd8 30. h4 Nh6 31. Qe4 Nf5 32. Rd1 Nd6 33. Qe2 Nf5 34.
Qc4 Kh8 35. Qb4 Qd7 36. Qc4 Nd6 37. Qe2 Nf5 38. g4 Nxd4 39. Nxd4 Bxd4 40. Rxe7
Bxf2+ 41. Kg2 Qc8 42. Qe5+ 1-0

[Event "Klubbmesterskapet 2015 (A)"]
[Site "Ås, Akershus NOR"]
[Date "2015.04.16"]
[Round "9"]
[White "Brenden, Torbjørn"]
[Black "Lea, Per"]
[Result "0-1"]
[WhiteElo "1413"]
[BlackElo "1598"]
[Annotator "Brenden,Torbjørn"]
[PlyCount "67"]
[EventDate "2015.01.15"]

{509MB, Fritz11.ctg, CORP Fritz 11 / Torbjørn Brenden} 1. d4 {[%emt 0:00:00]}
d5 {[%emt 0:00:00]} 2. Nf3 Nf6 3. g3 g6 4. Bg2 Bg7 5. O-O O-O 6. b3 b6 7. Bb2
Bb7 8. Nbd2 {Så langt har svarts taktikk vært å kopiere hvits trekk. Neste
trekk er det første orginale.} e6 9. Ne5 Nbd7 10. Ndf3 Nxe5 11. Nxe5 Nd7 12. c4
$2 {Gir svart mulighet til å skape en dobbeltbonde, noe som blir avgjørende i
sluttspillet da svart får sammenhengende bønder på dronningfløyen.} Nxe5 13.
dxe5 c6 14. Qc2 Rc8 15. c5 bxc5 16. Qxc5 Qb6 17. Rac1 $14 {Hvit står marginalt
bedre} Rfd8 18. e3 Bf8 $1 {Jager vekk dronninga og åpner for å dytte fram
bøndene.} 19. Qd4 c5 20. Qd2 Ba6 {Svart tenkte i over 30 minutter på dette
trekket. Tid igjen: 1:03 vs 0:35.} 21. Rfd1 c4 22. Bd4 Bc5 23. Bc3 Rb8 24. Ba5
{Ser sterkt ut, men svart har et forsvar som utligner} Bb4 25. Bxb6 Bxd2 26.
Rxd2 axb6 ({Selvsagt ikke} 26... Rxb6 27. bxc4 Bxc4 28. Rxc4) 27. bxc4 dxc4 28.
Rcc2 $4 {Omtrent alt er bedre enn dette trekket. Gir svart grønt lys for å
pushe fram bøndene} b5 29. a3 Rxd2 30. Rxd2 c3 31. Rc2 b4 32. axb4 Rxb4 {
c-bonden er fredet pga. 33. Rxc3 Rb1+ 34. Bf1 Rxf1} 33. Bf3 $4 {Tapstrekket.
f4 eller h4 gir en svak fordel til svart. Fritz -0.3} Rb1+ 34. Kg2 {Oppgitt.
Det er matt i 4 trekk. .. Bf1+ 35.Kg1 Bh3+ 36. Bd1 Rxd1#} 0-1

[Event "Klubbmesterskapet 2015 (B)"]
[Site "Ås, Akershus NOR"]
[Date "2015.04.16"]
[Round "9"]
[White "Fuglseth, Jan"]
[Black "Svebestad, Erlend"]
[Result "1-0"]
[WhiteElo "1404"]
[BlackElo "1360"]
[Annotator "Jan Fuglseth"]
[PlyCount "59"]
[EventDate "2015.01.15"]

{Settingen er at Jan kan vinne gruppe B dersom Trygve ikke vinner siste parti.
Erlend knuste Jan i høstturneringen. Med skrekkblandet fryd setter vi i gang
klokken.} 1. c4 Nf6 2. Nc3 e5 3. Nf3 Nc6 4. e3 d6 {Litt passivt. Teoriboken
anbefaler - Lb4, Dc2-Lxc3, Dxc3} 5. d4 exd4 6. exd4 Bg4 7. Be2 Be7 8. a3 {
Svakt trekk som utligner stillingen til = . Gult kort fra Fritz. Bedre var:} (
8. d5 Bxf3 9. Bxf3 Ne5 10. Be2) 8... d5 9. c5 O-O 10. O-O Ne4 11. Be3 f5 {
Stillingen er helt lik. Det er mange kandidattrekk. Hvit må vinne for å ha
mulighet til turneringsseier og må skape litt ubalanse.} 12. Ne5 {Nok et gult
kort fra Fritz, men hvit slapp å gå av banen. h3 eller Dc2 var nok bedre.} Nxc3
13. bxc3 Nxe5 14. dxe5 Bxe2 15. Qxe2 f4 16. Bd4 {Hele avbyttesekvensen gikk
slik hvit hadde planlagt, og sort står nå best. (-0,74)} Rf5 {Det første gule
kortet til sort. Han burde ha spilt det fryktede f3.} 17. Qf3 Qd7 18. Rfe1 Qe6
{Hvit fikk nå for seg at det måtte være mulig å skape litt trøkk i g linjen.}
19. Kh1 {Rødt kort fra Fritz! Sort står best.} c6 20. Rg1 Raf8 {Sort står noe
bedre og tilbyr remis. En rask kikk på Trygve på nabobordet tyder på at han
ikke kommer til å tape, altså må hvit spille for gevinst.} 21. Rab1 Rb8 {Att
og fram er like langt sa Peer Gynt, men han visste ingenting om tempotap.} 22.
Qh3 {Binder både tårn og Dronning. g4 truer (men sort står fortsatt bedre)} b6
23. cxb6 c5 {Der gikk storlaksen rett på kroken! Hvit har rett og slett flaks.}
24. bxa7 Ra8 25. Rb8+ Bf8 26. Rxa8 cxd4 27. Rxf8+ Kxf8 28. a8=Q+ Kf7 29. Qa7+
Kg6 30. Qxd4 {1-0 Erlend hadde fortjent bedre etter å ha stått best det meste
av partiet! p.s. Som ekte Storhamargutt må jeg legge til at Storhamar Dragons
banket Stavanger Oilers i kveld :-) Det blir en spennede avgjørende kamp i
Stavanger. Håper Erlend og Martin får kjøpt billetter til sistefinalekampen!}
1-0

[Event "Klubbmesterskapet 2015 (B)"]
[Site "Ås, Akershus NOR"]
[Date "2015.04.16"]
[Round "9"]
[White "Simonsen, Steinar"]
[Black "Ruud, Kjetil"]
[Result "0-1"]
[WhiteElo "1300"]
[BlackElo "1301"]
[PlyCount "108"]
[EventDate "2015.01.15"]

1. c4 e5 2. Nc3 Nf6 3. Nf3 e4 4. Ng5 d5 5. cxd5 Nxd5 6. Ngxe4 Bf5 7. Qb3 Nxc3
8. Nxc3 Nc6 9. Qxb7 Nd4 10. e4 Bc8 11. Bb5+ Nxb5 12. Qxb5+ Bd7 13. Qe5+ Be6 14.
d4 Qf6 15. Qxf6 gxf6 16. d5 Bd7 17. Be3 Bd6 18. f4 Rg8 19. g3 Bg4 20. Nb5 Rb8
21. Nxd6+ cxd6 22. b3 Bf3 23. Rf1 Bxe4 24. Bxa7 Rb7 25. Bd4 f5 26. Rc1 Kd7 27.
Rf2 Bxd5 28. Rd2 Be4 29. Rc4 Re8 30. Kf2 d5 31. Ra4 Rc8 32. Rb2 Rbc7 33. Ra7
Rxa7 34. Bxa7 Kc6 35. b4 Kb5 36. Bc5 Ka4 37. Rd2 h5 38. Ke3 Kb5 39. Kd4 Rc6 40.
a3 Ra6 41. Ra2 Ka4 42. Ra1 Kb5 43. Ke5 Re6+ 44. Kd4 Ka4 45. Bf8 Rc6 46. Bc5 Ra6
47. Ra2 Kb3 48. b5 Ra4+ 49. Ke5 Kxa2 50. b6 d4 51. Kd6 d3 52. Be3 d2 53. Bxd2
Rd4+ 54. Kc7 Rxd2 0-1

[Event "Klubbmesterskapet 2015 (B)"]
[Site "Ås, Akershus NOR"]
[Date "2015.04.16"]
[Round "9"]
[White "Olsen, Trygve"]
[Black "Naasen, Nils"]
[Result "1-0"]
[WhiteElo "1240"]
[BlackElo "1239"]
[PlyCount "131"]
[EventDate "2015.01.15"]

1. f4 c5 2. c3 Nc6 3. Nf3 d5 4. d4 cxd4 5. cxd4 Nf6 6. e3 a6 7. Be2 e6 8. O-O
Bd6 9. Ne5 O-O 10. Nd2 Qc7 11. Ndf3 b5 12. Bd2 Bb7 13. Rc1 Rac8 14. Be1 Ne4 15.
Nd2 Nxd2 16. Bxd2 Qe7 17. a3 f6 18. Nd3 e5 19. fxe5 fxe5 20. dxe5 Nxe5 21. Nf4
Nc4 22. Bxc4 dxc4 23. Qg4 Rf6 24. Nd5 Rxf1+ 25. Rxf1 Qe5 26. Nf4 Rf8 27. h3 Bc8
28. Qf3 g5 29. Bc3 Qf5 30. g4 Qf7 31. Qd5 gxf4 32. Qxd6 Qe6 33. Qxe6+ Bxe6 34.
exf4 Kf7 35. Kh2 Rd8 36. Kg3 Rd3+ 37. Kh4 Bd5 38. Rg1 h5 39. g5 Kg6 40. Rg3 Rd1
41. Re3 Rd3 42. Rxd3 cxd3 43. Kg3 Be4 44. h4 Kf5 45. b4 Kg6 46. Kf2 Bd5 47. Ke3
Kf5 48. Kxd3 Kxf4 49. Kd4 Bf7 50. Kc5 Ke4 51. Kb6 Kd3 52. Bf6 Kc4 53. Kxa6 Be8
54. Be7 Kb3 55. Kb6 Kc4 56. Kc7 Kd5 57. Kb6 Kc4 58. Bf6 Bf7 59. Kc6 Be8+ 60.
Kd6 Kd3 61. Ke7 Bg6 62. Kf8 Ke4 63. a4 bxa4 64. b5 Kd5 65. Kg7 Be8 66. b6 1-0

[Event "Klubbmesterskapet 2015 (B)"]
[Site "Ås, Akershus NOR"]
[Date "2015.04.16"]
[Round "9"]
[White "Bø, Martin"]
[Black "Stensland, Martin"]
[Result "0-1"]
[WhiteElo "1174"]
[BlackElo "1174"]
[Annotator "Bø, Martin"]
[PlyCount "110"]
[EventDate "2015.01.15"]

1. e4 e5 2. Nf3 Nc6 3. Bb5 Bd6 4. O-O Nf6 5. Re1 O-O 6. d3 h6 7. c3 a6 8. Bxc6
bxc6 9. Nbd2 Re8 10. Nf1 (10. d4 Bf8 11. Nxe5 c5 12. Nd3 cxd4 13. cxd4) 10...
Bc5 11. h3 a5 12. Ng3 d6 13. d4 exd4 14. cxd4 Bb4 15. Re3 {Hvit truer a3 og
vinner løperen. Sort kan spille c5,d5 og a4} d5 16. e5 Nd7 17. a3 (17. Nf5 {
Vanlig trekk i disse spanske variantene, men var redd for en avdekker i og med
at springeren ikke er gardert, noe den vanligvis er med bonde på e4. Fritz er
ikke redd, og mener hvit står bedre} Bf8 18. N3h4 Kh7 19. Rg3 {Dersom
varianten spilles ut får hvit et monsterangrep, og sorts beste trekk er 19...
Sxe5} Nxe5 20. Nxg7 Bxg7 21. Qh5 Qf6 22. Bg5 Qe6 23. Re1 Bd7 24. dxe5 Rg8 25.
Rf3 f5 26. Nxf5 Be8 27. Qh4 Qg6 28. Bd2 Qh5 29. Qe7 Qf7 30. Qxf7 Bxf7 31. Nxh6
Bxh6 32. Rxf7+ Rg7 33. Rxg7+ Kxg7 {Tror derimot at verken jeg eller min
motstander hadde funnet halvparten av disse trekkene}) 17... Bf8 18. Rc3 c5 19.
Bf4 c4 20. b3 Nb6 21. bxc4 dxc4 22. Be3 Ba6 23. Nd2 Nd5 24. Rc2 Nxe3 25. fxe3
Qd5 26. Qf3 Qe6 27. Ne2 c5 28. Nf4 Qd7 29. Qd5 Qb5 30. Qxc4 Qd7 31. Qd5 Qf5 32.
Qe4 Qd7 33. Nc4 Bb7 34. Qd3 (34. d5 Rad8 35. Rd2 Bd6 36. Rad1 $18) 34... cxd4
35. Nb6 Qd8 36. Nxa8 Bxa8 37. exd4 Qg5 38. Qb5 (38. Rf1 {+3.15, og hvit står
klart best}) 38... Rd8 (38... Qxf4 39. Qxe8 Qxd4+ 40. Kh2 Qxa1 41. Qxa8 Qxe5+
42. g3 {Gir hvit en ørliten fordel, muligens ikke nok til å vinne}) 39. Qxa5
Be4 40. Qxd8 $4 {Selv med bare et lite minutt på klokka, skal ikke slikt skje.
Taper partiet i et trekk} Qxd8 41. Rd2 Qa5 42. Re2 Qa8 43. a4 Bf5 44. d5 Bc5+
45. Kh2 Qb8 46. g3 Bd4 47. Rd1 Bxe5 48. Rde1 f6 {Eneste trekket som gir sort
fordel. Sortfeltsløperen kan ikke flyttes pga Te8+} (48... Bxf4 49. Re8+ Kh7
50. Rxb8 Bxb8 51. a5 {Gir +2,5 til hvit. Mye værre for sort er 49..Dxe8}) (
48... Bxf4 49. Re8+ Qxe8 50. Rxe8+ Kh7 51. gxf4 Bd7 52. a5 Bxe8 53. a6 Bb5 54.
a7 g6 55. a8=Q {Ettersom stillingen etter 48. Tde1er såpass dårlig for hvit,
håpte jeg at min motstander skulle gå i denne fella. Heldivis Mr. Stensland
fant han f6}) (48... Bd7 49. Rxe5 Bxa4 50. R5e2 {Dette er den beste varianten
for sort som ikke er f6. Gir hvit en ørliten fordel}) 49. g4 $4 Bxf4+ 50. Kg2
Bd7 51. Kf3 Bg5 52. Ra1 Kh7 (52... Qb3+) 53. a5 Qb3+ 54. Ke4 Qc4+ 55. Kf3 Qc3+
{Ga opp her, og matt er annonsert flere trekk tidligere} 0-1

[Event "Klubbmesterskapet 2015 (B)"]
[Site "Ski, Akershus NOR"]
[Date "2015.04.13"]
[Round "9"]
[White "Rønbeck, Bjørn"]
[Black "Garmark, Vegard"]
[Result "0-1"]
[WhiteElo "1158"]
[BlackElo "1219"]
[PlyCount "82"]
[EventDate "2015.01.15"]

1. e4 d5 2. exd5 Qxd5 3. Nc3 Qa5 4. d3 e5 5. Bd2 c6 6. Nf3 Bg4 7. Be2 Nf6 8.
Ne4 Qc7 9. Nxf6+ gxf6 10. Nh4 Be6 11. Bg4 Rg8 12. Bxe6 fxe6 13. g3 Na6 14. a3
O-O-O 15. Be3 Be7 16. Qe2 f5 17. O-O-O Bxh4 18. gxh4 Rg4 19. Bg5 Rd5 20. h3
Rgd4 21. Qh5 b6 22. Qe8+ Kb7 23. Rhg1 Qd7 24. Qh5 Nc7 25. Bf6 Ne8 26. Qh6 Ka6
27. Bg7 Rf4 28. Rd2 (28. Bxe5 $1 Rxe5 $2 29. Qxf4 $18) 28... c5 29. Bh8 Rf3 30.
Qh5 e4 31. Rg3 Rxg3 32. fxg3 exd3 33. cxd3 Nd6 34. Qe2 Nf7 35. Bf6 Nd6 36. d4+
Kb7 37. dxc5 Rxc5+ 38. Kb1 Qc6 39. Rd1 Ne4 40. Bd4 Rc2 41. Be5 (41. Qxc2 $18)
41... Rxe2 0-1

[Event "Klubbmesterskapet 2015 (C)"]
[Site "Ås, Akershus NOR"]
[Date "2015.04.16"]
[Round "9"]
[White "Lange, Magnus"]
[Black "Samset, Jon"]
[Result "1/2-1/2"]
[WhiteElo "812"]
[BlackElo "1150"]
[PlyCount "46"]
[EventDate "2015.01.15"]

1. e4 g6 2. d4 Bg7 3. Nf3 d6 4. Nc3 Bg4 5. Be2 Nc6 6. Be3 Nf6 7. h3 Bxf3 8.
Bxf3 O-O 9. d5 Ne5 10. Be2 a6 11. f4 Ned7 12. O-O b5 13. b4 Bh6 14. g4 Bg7 15.
f5 Nxg4 16. Bxg4 Bxc3 17. Rb1 Bf6 18. Rb3 Ne5 19. Bh6 Re8 20. Rg3 Bh4 21. Rg2
Qb8 22. Qd4 Bf6 23. Qf2 g5 1/2-1/2

[Event "Klubbmesterskapet 2015 (C)"]
[Site "Ås, Akershus NOR"]
[Date "2015.04.16"]
[Round "9"]
[White "Aalmo, Alexander"]
[Black "Petersen, Rune J"]
[Result "1-0"]
[WhiteElo "1147"]
[BlackElo "861"]
[PlyCount "80"]
[EventDate "2015.01.15"]

1. d4 e6 2. Nf3 Nf6 3. Bg5 Be7 4. e3 Nc6 5. c4 d5 6. Nc3 Ne4 7. Bxe7 Qxe7 8.
Nxe4 dxe4 9. Nd2 Qb4 10. Qc2 f5 11. c5 O-O 12. a3 Qa5 13. b4 Nxb4 14. Qb3 Nd5
15. Bc4 c6 16. Rc1 Qc7 17. O-O f4 18. Nxe4 b5 19. cxb6 axb6 20. Bxd5 exd5 21.
Qxd5+ cxd5 22. Nf6+ Rxf6 23. Rxc7 fxe3 24. fxe3 Rxf1+ 25. Kxf1 Ba6+ 26. Kf2 Bc4
27. e4 Rxa3 28. e5 b5 29. e6 Kf8 30. Rf7+ Ke8 31. Rxg7 Rd3 32. Rxh7 Rxd4 33. h4
Re4 34. Rh6 b4 35. h5 b3 36. Rh8+ Ke7 37. Rh7+ Kxe6 38. h6 b2 39. Rb7 Re2+ 40.
Kf3 Re4 1-0

[Event "Høstturneringen 2014"]
[Site "Ås, Akershus NOR"]
[Date "2014.09.04"]
[Round "1"]
[White "Stensland, Martin"]
[Black "Furnes, Torstein"]
[Result "0-1"]
[WhiteElo "1178"]
[BlackElo "1676"]
[PlyCount "56"]
[EventDate "2014.09.04"]

1. d4 d5 2. c4 e6 3. Bf4 Nf6 4. e3 Bd6 5. Bg5 O-O 6. Nf3 c6 7. Bd3 dxc4 8. Bxc4
Qa5+ 9. Nbd2 Ne4 10. Bf4 Bxf4 11. exf4 Nxd2 12. Nxd2 Rd8 13. a3 Rxd4 14. b4 Qf5
15. O-O Qxf4 16. Qb3 Rxd2 17. Rad1 Rxd1 18. Rxd1 Nd7 19. Bxe6 fxe6 20. Qxe6+
Qf7 21. Qd6 Nf6 22. Qd8+ Qe8 23. Qd2 Bg4 24. Re1 Qd7 25. Qa2+ Qd5 26. Qa1 Re8
27. h3 Rxe1+ 28. Qxe1 Qd1 0-1

[Event "Høstturneringen 2014"]
[Site "Ås, Akershus NOR"]
[Date "2014.09.04"]
[Round "1"]
[White "Lea, Per"]
[Black "Samset, Jon"]
[Result "0-1"]
[WhiteElo "1661"]
[BlackElo "1143"]
[Annotator "Lea,Per"]
[PlyCount "54"]
[EventDate "2014.09.04"]

1. e4 g6 2. d4 d6 3. c4 Bg7 4. Nc3 Nf6 5. Nf3 Bg4 6. h3 Bxf3 7. Qxf3 Nc6 8. Be3
Nb4 9. O-O-O O-O 10. g4 c6 11. a3 a5 12. axb4 axb4 13. Nb1 Ra1 14. h4 Qa5 15.
h5 gxh5 16. gxh5 Ra8 17. h6 $4 (17. Bd3 Kf8 18. h6 Bh8 $18) 17... Rxb1+ 18.
Kxb1 b3 19. Kc1 Qa1+ 20. Kd2 Qxb2+ 21. Ke1 Qc3+ 22. Ke2 Qxc4+ 23. Rd3 $4 (23.
Ke1 Qc3+ 24. Ke2 Qc4+ 25. Ke1 Qc3+ 26. Ke2 Qc4+ {Remis}) 23... b2 24. Qg2 Ne8
$1 25. hxg7 (25. Kf3 b1=Q 26. Ra3 Qd1+ 27. Kf4 e5+ $19) 25... b1=Q 26. Rxh7 $4
Qcxd3+ 27. Kf3 Qxe4+ $1 (27... Kxh7 $4 28. g8=Q#) 0-1

[Event "Høstturneringen 2014"]
[Site "Ås, Akershus NOR"]
[Date "2014.09.04"]
[Round "1"]
[White "Nissen, Ulrik"]
[Black "Lange, Holger"]
[Result "0-1"]
[WhiteElo "1134"]
[BlackElo "1663"]
[PlyCount "24"]
[EventDate "2014.09.04"]

1. e4 Nf6 2. Nc3 d5 3. e5 d4 4. exf6 dxc3 5. bxc3 exf6 6. Nf3 Bg4 7. d4 Bd6 8.
Be2 O-O 9. Rb1 b6 10. O-O c6 11. d5 cxd5 12. h3 Be6 0-1

[Event "Høstturneringen 2014"]
[Site "Ås, Akershus NOR"]
[Date "2014.09.04"]
[Round "1"]
[White "Kielland-Lund, Jon"]
[Black "Aalmo, Alexander"]
[Result "1-0"]
[WhiteElo "1569"]
[BlackElo "1125"]
[Annotator "Lea,Per"]
[PlyCount "78"]
[EventDate "2014.09.04"]

1. c4 e5 2. Nc3 Nf6 3. Nf3 e4 $6 4. Ng5 b6 5. Ngxe4 Bb7 6. Nxf6+ Qxf6 7. Nd5
Qc6 8. b3 Na6 9. g3 O-O-O 10. Bg2 Bb4 $4 11. Ne7+ Kb8 12. Nxc6+ dxc6 13. O-O
Bc3 14. Rb1 f6 15. Qc2 Bb4 16. d3 Rhe8 17. a3 Bf8 18. b4 Kc8 19. Be3 Nb8 20. c5
b5 21. a4 Ba6 22. Ra1 Kb7 23. Qa2 g6 24. axb5 Bxb5 25. Qxa7+ Kc8 26. Ra2 Bg7
27. Bf4 Rd7 28. Rc1 (28. Qxb8+ $1 Kxb8 29. Rfa1 Ba4 30. Rxa4 Kb7 31. Ra7+ Kc8
32. Ra8+ Kb7 33. R1a7#) 28... h6 29. Kf1 g5 30. Be3 f5 31. Bh3 Rf7 32. Bd2 g4
33. Bg2 h5 34. Bf4 Bf6 35. Ra5 Rfe7 36. Rxb5 cxb5 37. Qb7+ Kd7 38. Bxc7 Rxe2
39. Bxb8+ Kd8 1-0

[Event "Høstturneringen 2014"]
[Site "Ås, Akershus NOR"]
[Date "2014.09.04"]
[Round "1"]
[White "Kjelstrup, Joachim"]
[Black "Holm, Bjarne"]
[Result "0-1"]
[WhiteElo "1090"]
[BlackElo "1543"]
[PlyCount "98"]
[EventDate "2014.09.04"]

1. c4 Nf6 2. g3 g6 3. Nc3 Bg7 4. Bg2 c6 5. e3 d5 6. cxd5 cxd5 7. d4 O-O 8. Nge2
Nc6 9. O-O b6 10. Nf4 e6 11. Bd2 Ne7 12. Rc1 Qd7 13. a4 Bb7 14. b3 Ne4 15. Nxe4
dxe4 16. f3 exf3 17. Bxf3 e5 18. dxe5 Bxe5 19. Bc3 Qxd1 20. Bxd1 Rac8 21. Bd2
Rxc1 22. Bxc1 Rc8 23. Ba3 Nd5 24. Re1 Nxe3 25. Rxe3 Bd4 26. Kf2 Rc3 27. Ng2
Bxg2 28. Kxg2 Rxe3 29. Kf1 Bc3 30. Be2 Bd4 31. Bd1 Kg7 32. Bd6 Rd3 33. Ke2 Re3+
34. Kf1 Bc3 35. Be2 Be5 36. Bxe5+ Rxe5 37. Bc4 h5 38. h4 f5 39. Kf2 Re4 40. Kf3
Rd4 41. Ke3 Rd1 42. Kf2 g5 43. Be2 Rd2 44. Ke3 Rxe2+ 45. Kxe2 gxh4 46. gxh4 Kg6
47. Kf3 Kf6 48. b4 a6 49. Ke3 Ke5 0-1

[Event "Høstturneringen 2014"]
[Site "Ås, Akershus NOR"]
[Date "2014.09.04"]
[Round "1"]
[White "Moberg, Jan Rune"]
[Black "Thorvaldsen, Thomas"]
[Result "1-0"]
[WhiteElo "1516"]
[BlackElo "1058"]
[Annotator "Lea,Per"]
[PlyCount "65"]
[EventDate "2014.09.04"]

1. c4 c5 2. Nf3 Nc6 3. g3 e6 4. Bg2 d5 5. d4 dxc4 6. O-O cxd4 7. Qc2 Bd7 8.
Qxc4 Qb6 9. a3 g6 10. b4 Bg7 11. Ra2 e5 12. Ng5 Nh6 13. Ne4 Be6 14. Qc2 Bxa2
15. Qxa2 Ne7 16. Nbd2 O-O 17. Nc4 Qa6 18. Bg5 Rfe8 19. Bxh6 Bxh6 20. Ncd6 Rf8
21. Nxb7 Kg7 22. Ned6 Nc8 23. Nc4 (23. Nxf7 Rxf7 24. Nc5 Qb5 25. Bxa8) 23...
Nb6 24. Nxe5 Rae8 25. f4 Re7 26. Nc5 Qc8 27. Nc6 Rc7 28. Nxd4 g5 29. fxg5 Bxg5
30. Nde6+ Kg6 31. Nxg5 Re8 32. Nge4 f5 33. Nd6 1-0

[Event "Høstturneringen 2014"]
[Site "Ås, Akershus NOR"]
[Date "2014.09.04"]
[Round "1"]
[White "Bakken, Svein-Erik"]
[Black "Heien, Aksel"]
[Result "1-0"]
[WhiteElo "1401"]
[BlackElo "926"]
[Annotator "Lea,Per"]
[PlyCount "61"]
[EventDate "2014.09.04"]

1. d4 d5 2. c4 e5 3. dxe5 d4 4. a3 c5 5. Nf3 Nc6 6. Nbd2 h6 7. g3 Bf5 8. Bg2
Qd7 9. O-O Bh3 10. Qb3 b6 11. Qb5 Bxg2 12. Kxg2 Nge7 13. b4 Nc8 14. bxc5 bxc5
15. Ne4 a6 16. Qa4 Nxe5 17. Qb3 Bd6 18. Nxe5 Bxe5 19. Qf3 Qc6 20. Nf6+ Ke7 $4 (
20... Qxf6 21. Qxa8 O-O) 21. Qxc6 Bxf6 22. Qxa8 d3 23. Qb7+ Ke6 24. Bb2 Nd6 25.
Qd5+ Ke7 26. Bxf6+ gxf6 27. exd3 Kd7 28. Qxc5 Re8 29. Qa7+ Kd8 30. Rab1 Re2 31.
c5 1-0

[Event "Høstturneringen 2014"]
[Site "Ås, Akershus NOR"]
[Date "2014.09.04"]
[Round "1"]
[White "Petersen, Rune"]
[Black "Fuglseth, Jan"]
[Result "1-0"]
[WhiteElo "845"]
[BlackElo "1350"]
[PlyCount "73"]
[EventDate "2014.09.04"]

1. d4 Nf6 2. Nf3 e6 3. e3 c5 4. Nc3 d5 5. Bd2 Nc6 6. Be2 cxd4 7. exd4 Qb6 8.
Bb5 Bd6 9. O-O O-O 10. Bxc6 bxc6 11. Na4 Qc7 12. h3 Ne4 13. Bc3 Bd7 14. Qe1 c5
15. Nxc5 Bxc5 16. dxc5 Bb5 17. Bb4 Rfe8 18. Nd2 Nxd2 19. Qxd2 Bxf1 20. Rxf1 Qc6
21. f4 f6 22. Rf3 Rad8 23. Rg3 Rd7 24. Kh2 e5 25. f5 e4 26. Bc3 Kh8 27. Bd4
Rde7 28. c3 Qd7 29. Qf4 Qa4 30. a3 Qa6 31. b4 Qxa3 32. Qd6 Rf7 33. Qxd5 Rfe7
34. Qc6 e3 35. Bxf6 Rg8 36. Bxe7 Qxc3 37. Qe4 1-0

[Event "Høstturneringen 2014"]
[Site "Ås, Akershus NOR"]
[Date "2014.09.04"]
[Round "1"]
[White "Simonsen, Steinar"]
[Black "Lange, Magnus Øyvind"]
[Result "1-0"]
[WhiteElo "1337"]
[BlackElo "702"]
[PlyCount "67"]
[EventDate "2014.09.04"]

1. c4 e5 2. Nc3 Nf6 3. Nf3 e4 4. Ng5 Qe7 5. Qc2 d5 6. cxd5 Bf5 7. Qa4+ Bd7 8.
Qc2 Bf5 9. f3 g6 10. Ngxe4 Nxe4 11. fxe4 Bg4 12. d4 Qh4+ 13. g3 Qh5 14. Bf4 Bd6
15. Bxd6 cxd6 16. Nb5 Na6 17. Nxd6+ Ke7 18. Nxb7 Rhc8 19. d6+ Kf8 20. Qa4 Nb8
21. Nc5 Rd8 22. e5 Nd7 23. h3 Be6 24. Nxe6+ fxe6 25. g4 Qh4+ 26. Kd2 Qg5+ 27.
e3 Nb6 28. Qb3 Nd5 29. Bg2 Rab8 30. Rhf1+ Ke8 31. Qa4+ Rd7 32. Bxd5 exd5 33. b3
Kd8 34. Rf8# 1-0

[Event "Høstturneringen 2014"]
[Site "Ås, Akershus NOR"]
[Date "2014.09.18"]
[Round "2"]
[White "Furnes, Torstein"]
[Black "Petersen, Rune J"]
[Result "1-0"]
[WhiteElo "1676"]
[BlackElo "845"]
[PlyCount "97"]
[EventDate "2014.09.04"]

1. d4 e6 2. c4 Nf6 3. Nc3 Bb4 4. Qc2 Nc6 5. Nf3 Qe7 6. Bg5 d5 7. e3 Bxc3+ 8.
bxc3 Bd7 9. Bd3 h6 10. Bf4 O-O-O 11. c5 Na5 12. Qb2 Nc4 13. Qb4 Bc6 14. Bxc4
dxc4 15. Qxc4 Nh5 16. Bg3 Nxg3 17. hxg3 Bxf3 18. gxf3 c6 19. a4 a6 20. Ke2 Rd7
21. Rhb1 Rhd8 22. Rb6 g5 23. Rab1 Rc7 24. e4 f5 25. Rh1 Qg7 26. Qxe6+ Qd7 27.
Qxd7+ Rcxd7 28. Rxh6 fxe4 29. fxe4 Re7 30. e5 Rg7 31. Rb1 g4 32. Rbh1 Rf8 33.
Rh8 Rgf7 34. Rxf8+ Rxf8 35. Rh4 Rf3 36. Rxg4 Rxc3 37. e6 Kd8 38. Rg7 Rb3 39. f4
b5 40. axb5 axb5 41. f5 b4 42. f6 Rb2+ 43. Kd3 Rf2 44. Rg8+ Kc7 45. f7 b3 46.
f8=Q Rxf8 47. Rxf8 b2 48. Kc2 b1=Q+ 49. Kxb1 1-0

[Event "Høstturneringen 2014"]
[Site "Ås, Akershus NOR"]
[Date "2014.09.11"]
[Round "2"]
[White "Holm, Bjarne"]
[Black "Simonsen, Steinar"]
[Result "1-0"]
[WhiteElo "1543"]
[BlackElo "1337"]
[PlyCount "91"]
[EventDate "2014.09.04"]

1. Nf3 Nc6 2. g3 e5 3. d3 Nf6 4. Bg2 d5 5. O-O Be7 6. b3 h6 7. Bb2 d4 8. e3
dxe3 9. fxe3 Bg4 10. h3 Bxf3 11. Bxf3 Bd6 12. Bxc6+ bxc6 13. Qf3 Qd7 14. Kg2
O-O 15. Nd2 Rfe8 16. Ne4 Nxe4 17. Qxe4 Re6 18. Rf3 Rae8 19. Raf1 f6 20. Qg4 Qf7
21. Qe4 Qe7 22. Qc4 Kh8 23. e4 Qf7 24. Bc1 Be7 25. Rf5 Qg8 26. Be3 a5 27. Qc3
Bb4 28. Qb2 Bd6 29. Qc1 Qh7 30. Rh5 Bf8 31. g4 g6 32. Rh4 g5 33. Rh5 Qg6 34.
Rh1 Kg8 35. h4 R8e7 36. hxg5 Rh7 37. Kg3 hxg5 38. Rxh7 Qxh7 39. Rxh7 Kxh7 40.
c4 Rd6 41. Qc2 Rd8 42. c5 Rb8 43. Qc4 Kg6 44. Qg8+ Kh6 45. Qf7 Bg7 46. Qh5# 1-0

[Event "Høstturneringen 2014"]
[Site "Ås, Akershus NOR"]
[Date "2014.09.11"]
[Round "2"]
[White "Ruud, Kjetil"]
[Black "Moberg, Jan Rune"]
[Result "0-1"]
[WhiteElo "1288"]
[BlackElo "1516"]
[PlyCount "74"]
[EventDate "2014.09.04"]

1. e4 g6 2. d4 d6 3. Nc3 Bg7 4. Be3 e6 5. Bd3 Ne7 6. f4 f5 7. e5 O-O 8. g4 fxg4
9. Qxg4 Nf5 10. Bxf5 exf5 11. Qg3 c5 12. O-O-O Qa5 13. h4 cxd4 14. Bxd4 Nc6 15.
Nf3 b5 16. Kb1 Be6 17. b3 Rac8 18. Kb2 Rfd8 19. h5 dxe5 20. fxe5 Nxd4 21. Nxd4
b4 22. Ncb5 Rd5 23. Nxe6 Bxe5+ 24. Qxe5 Rxe5 25. hxg6 Rxe6 26. Rxh7 Qxb5 27.
Rdh1 Qe5+ 28. Kc1 Rxg6 29. R7h4 Qa1+ 30. Kd2 Rd8+ 31. Ke3 Qc3+ 32. Kf4 Qg3+ 33.
Kxf5 Rd5+ 34. Ke4 Qe5+ 35. Kf3 Rf6+ 36. Kg2 Qe2+ 37. Kg3 Rg5+ 0-1